000 00646cam a2200217 a 4500
001 000005452
005 20200929151702.0
008 930503s1992 sp 000 p spa
020 _a8475222714
040 _aDO-SdBNP
_cDLC
082 _a861.64
_bB191t
100 1 _aBallesteros, Rafael,
_d1938-?
_915493
245 1 0 _aTestamenta /
_cRafael Ballesteros.
260 _aMadrid :
_bVisor Libros,
_c1992.
300 _a135 p. ;
_c20 cm.
490 1 _aVisor de poesías
_vno. 271
650 4 _aPoesía española
_9631
650 4 _aLiteratura española
_9632
830 0 _aVisor de poesías;
_vno. 271
_915494
910 _aCatalogación por copia / LC
999 _c5252
_d5252